TATRA : odkaz Hanse Ledwinky /
Uložené v:
| Hlavní autori: | , |
|---|---|
| Ďalší autori: | |
| Médium: | Kniha |
| Jazyk: | Czech English |
| Vydané: |
Praha :
Argo,
2020.
|
| Vydanie: | První vydání |
| Témy: | |
| ISBN: |
9788025730669 |
| Fyzický popis: |
231 strán : faksimile, fotografie, ilustrácie, portréty, tabuľky ; 28 cm. |
| Tagy: |
Pridať tag
Žiadne tagy, Buďte prvý kto otaguje tento záznam!
|
Titul je dostupný aj v ... 

MARC
| LEADER | 00000nam a2200000 i 4500 | ||
|---|---|---|---|
| 001 | 000671908 | ||
| 005 | 20220118124529.0 | ||
| 008 | 201016s2020 xr achog 001 0dcze d | ||
| 020 | |a 9788025730669 |q (viazané) | ||
| 040 | |a SVKKK |b slo |c SVKKK |e rda | ||
| 041 | 1 | |a cze |h eng | |
| 043 | |a e-xr--- | ||
| 044 | |a xr |c CZ | ||
| 072 | 7 | |a 629 |x Dopravné prostriedky |2 konspekt | |
| 080 | |a 629.331 |2 2011 | ||
| 080 | |a 629.02 |2 2011 | ||
| 080 | |a 629.331.02-051 |2 2011 | ||
| 080 | |a 629.331:338.45 |2 2011 | ||
| 080 | |a 629.331:7.05 |2 2011 | ||
| 080 | |a 656.13 |2 2011 | ||
| 080 | |a (437.3) |2 2011 | ||
| 080 | |a (0:82-96) |2 2011 | ||
| 080 | |a (048.8) |2 2011 | ||
| 080 | |a (084.11) |2 2011 | ||
| 100 | 1 | |a Margolius, Ivan, |d 1947- |4 aut | |
| 240 | 1 | 0 | |a Tatra. The legacy of Hans Ledwinka. |l Česky |
| 245 | 1 | 0 | |a TATRA : |b odkaz Hanse Ledwinky / |c Ivan Margolius a John G. Henry ; z anglického originálu Tatra. The legacy of Hans Ledwinka ... přeložil Pavel Dufek. |
| 246 | 3 | 3 | |a Odkaz Hanse Ledwinky |
| 250 | |a První vydání | ||
| 264 | 1 | |a Praha : |b Argo, |c 2020. | |
| 300 | |a 231 strán : |b faksimile, fotografie, ilustrácie, portréty, tabuľky ; |c 28 cm. | ||
| 336 | |a text |b txt |2 rdacontent | ||
| 336 | |a statický obraz |b sti |2 rdacontent | ||
| 337 | |a bez média |b n |2 rdamedia | ||
| 338 | |a zväzok |b nc |2 rdacarrier | ||
| 500 | |a Obsahuje chronologický prehľad | ||
| 504 | |a Obsahuje bibliografiu a register | ||
| 600 | 1 | 7 | |a Ledwinka, Hans, |d 1878-1967 |2 SVKKKPH |
| 610 | 2 | 7 | |a Tatra (Kopřivnice, Česko) |2 SVKKKPH |
| 648 | 7 | |a 19.-20. storočie |2 SVKKKPH | |
| 648 | 7 | |a 19th-20st centuries |2 SVKKKPHeng | |
| 650 | 0 | 7 | |a Tatra (automobily) |2 SVKKKPH |
| 650 | 0 | 7 | |a konštrukcia dopravných prostriedkov |2 SVKKKPH |
| 650 | 0 | 7 | |a automobiloví konštruktéri |2 SVKKKPH |
| 650 | 0 | 7 | |a automobilový priemysel |2 SVKKKPH |
| 650 | 0 | 7 | |a automobilový dizajn |2 SVKKKPH |
| 650 | 0 | 7 | |a automobilová doprava |2 SVKKKPH |
| 650 | 0 | 7 | |a Tatra automobile |2 SVKKKPHeng |
| 650 | 0 | 7 | |a vehicle construction |2 SVKKKPHeng |
| 650 | 0 | 7 | |a automobile engineers |2 SVKKKPHeng |
| 650 | 0 | 7 | |a automobile industry |2 SVKKKPHeng |
| 650 | 0 | 7 | |a automobile design |2 SVKKKPHeng |
| 650 | 0 | 7 | |a motor transportation |2 SVKKKPHeng |
| 651 | 7 | |a Česko |2 SVKKKPH | |
| 651 | 7 | |a Czechia |2 SVKKKPH | |
| 655 | 7 | |a literatúra faktu |2 SVKKKPH | |
| 655 | 7 | |a prehľady |2 SVKKKPH | |
| 655 | 7 | |a obrazové publikácie |2 SVKKKPHeng | |
| 655 | 7 | |a non-fiction |2 SVKKKPHeng | |
| 655 | 7 | |a surveys |2 SVKKKPHeng | |
| 655 | 7 | |a pictorial works |2 SVKKKPHeng | |
| 700 | 1 | |a Henry, John G. |4 aut | |
| 700 | 1 | |a Dufek, Pavel, |d 1957- |4 trl | |
| 910 | |a svkkk | ||
| 919 | |a 978-80-257-3066-9 | ||
| 998 | |a BK | ||
| 090 | |g SCKHL |k Sklad Hlavná 10 prízemie |a V.241662 |j 1113513 |i 2720817413 |s Absenčne | ||